Statystyki dla Wszystkie osiedla i regiony w bydgoszczy

Kliknij tutaj aby rozwiązać quiz!

Ogólne statystyki

  • Ten quiz został rozwiązany 56 razy
  • Średni wynik to 22 z 41

Statystyki odpowiedzi

HintOdpowiedź% Poprawnych
38Wyżyny
85%
6Błonie
82%
13Glinki
82%
33Stary Fordon
82%
18Kapuściska
79%
3Bartodzieje
76%
35Śródmieście
76%
5Bielawy
74%
28Osowa Góra
74%
34Szwederowo
74%
11Czyżkówko
71%
20Łęgnowo
68%
21Miedzyń
68%
23Nowy Fordon
68%
26Osiedle Leśne
68%
36Wilczak
65%
39Wzgórze Wolności
65%
7Bocianowo
59%
14Górzyskowo
56%
22Myślęcinek
56%
29Piaski
56%
8Brdyujście
53%
24Okole
50%
2Bajka
47%
17Jary
47%
32Smukała
47%
12
Flisy
44%
40Zawisza
44%
19Las Gdański
41%
30Prądy
35%
1Babia Wieś
32%
15Jachcice
32%
9Bydgoszcz Wschód
29%
10Czersko Polskie
29%
27Osiedle Tatrzańskie
29%
41Zimne wody
29%
4Bartodzieje Małe
26%
25Opławiec
26%
16Janowo
21%
31Siernieczek
15%
37Wypaleniska
12%

Rozkład punktacji

Percentyl według liczby udzielonych odpowiedzi

Procent ludzi z każdym wynikiem

Twoja historia wyników

Nie rozwiązałeś tego quizu